Charlas sobre educacion : pedagogia infantil /
Guardado en:
| Autor Principal: | |
|---|---|
| Formato: | Libro |
| Publicado: |
Buenos Aires :
Losada,
2002
|
| Series: | Filosofia
|
| Materias: | |
| Etiquetas: |
Agregar Etiqueta
Sin Etiquetas, Sea el primero en etiquetar este registro!
|
| LEADER | 00590nam a22002055a 4500 | ||
|---|---|---|---|
| 001 | EHU.bham026356 | ||
| 003 | AR-BHAM | ||
| 005 | 20110509113651.0 | ||
| 008 | 130507s2002##################000#0#####d | ||
| 082 | 3 | 7 | |a 370.1 |
| 100 | 1 | |a Alain | |
| 245 | 1 | 0 | |a Charlas sobre educacion : |b pedagogia infantil / |c Lain |
| 260 | |a Buenos Aires : |b Losada, |c 2002 | ||
| 300 | |a 396 p. | ||
| 490 | 0 | |a Filosofia | |
| 500 | |a Trad. Por Manuel Arranz Y Carmen Garcia Cela | ||
| 653 | |a Pedagogia infantil | ||
| 653 | |a Educacion | ||
| 653 | |a Pedagogia | ||
| 859 | |a AR-BHAM |b BIB. HUMANIDADES - General |h 370.1 |i AL11 |p 72.04 |t Ej.1 | ||
